01513nam a2200229 i 4500001000700000003000900007005001700016007000300033008004100036080004000077110002200117245012800139246005100267260005500318300002300373505051400396505006500910610004100975610004401016852012501060856009801185189932ES-MaACL20250508130110.0t|200127s1920 sp s |||| | spa d a061.21(460.27) Ateneo (058.7)"1920"2 aAteneo de Madrid.10aLista de señores socios, abril 1920 [hRecurso electrónico] / cAteneo Científico, Literario y Artístico de Madrid.3 aJunta de Gobierno . bSecciones [hFotocopias] aMadrid : b[s.n.], c1920 (fGráf. Ambos Mundos) a[136 p. ; c12 cm]8 aContiene: Lista de los señores presidentes que ha tenido desde su fundación el Ateneo de Madrid - Junta de Gobierno - Secciones - Lista de señores socios por orden alfabético: Socios de mérito; Socios honorarios; Socios de número - Relación del número de socios que han ingresado en el Ateneo desde su fundación, por orden correlativo de antigüedad - Revistas que se reciben en la Biblioteca del Ateneo en 1º de abril de 1920 - Catálogo de los retratos existentes en el Ateneo de Madrid8 aContiene: Junta de Gobierno . Secciones [10 h. fotocopiadas]24aAteneo de Madrid-vListas de socios.24aAteneo de Madrid-vObras digitalizadas.4 aES-MaACLj2343-F-28 zRevisado enlace: 7 de mayo de 2025cDEPOFq(Junta de Gobierno . Secciones; 10 h. fotocopiadas)4 uhttps://www.ateneodemadrid.com/old/biblioteca_digital/folletos/Socios-1920.pdfyVer documento